Responses for show #2928 - Wednesday, April 30, 1997

1997 Celebrity Jeopardy! game 3.

Contestants

[<< previous game]

Benjamin Salisbury, an actor from The Nanny

Kirsten Dunst, an actress from Jumanji

Joey Gordon-Levitt, an actor from 3rd Rock from the Sun

[next game >>]

Jeopardy! Round responses

WHEN THEY WERE TEENAGERS
WORLD CAPITALS
POP MUSIC
NOVELS
HOLIDAYS & OBSERVANCES
CROSSWORD CLUES "K"
    $100 10
Steven Spielberg

Joey
    $100 24
Beijing

Benjamin
    $100 2
Tom Petty

Triple Stumper
    $100 1
Moby Dick

Triple Stumper
    $100 9
groundhog

Benjamin
    $100 8
Ken

Joey
    $200 11
(Joey: Who is Kirsten Dunst?)

Anne Rice

JoeyBenjamin
    $200 3
(Benjamin: Who is Pearl Jam?)

U2

Benjamin
Triple Stumper
    $200 7
"Gone with the Wind"

Benjamin
    $200 21
Boston Tea Party

Benjamin
    $200 12
Kringle

Benjamin
    $300 18
Meryl Streep

Benjamin
    $300 4
Beck

Joey
    $300 15
lawyers/attorneys

Benjamin
    $300 13
kiss

Benjamin
    $400 19
Bill Gates

Joey
    $400 5
[NOTE: This was the 170,000th clue entered into the J! Archive, 2009-05-27.]

the Smashing Pumpkins

Joey
    $400 17
(Joey: That's my favorite book!)

"Catcher in the Rye"

Joey
    $400 25
[buzzer sounds to end the round]

Rosh Hashanah

Benjamin
    $400 14
knot

Joey
    $500 23
(Kirsten: Finally!)

David Copperfield

Kirsten
    $500 6
(Joey: Who is Celine Dion?)

Mariah Carey

Joey
Triple Stumper
    $500 20
(Alex: We've got about a minute left in the round.)

"Anne of Green Gables"

Triple Stumper
    $200 22
Hawaii

Benjamin
    $500 16
kimono

Triple Stumper

Scores at the first commercial break (after clue 11):

Joey Kirsten Benjamin
$200 $0 $300

Scores at the end of the Jeopardy! Round:

Joey Kirsten Benjamin
$1,400 $500 $2,300

Double Jeopardy! Round responses

BEFORE YOU WERE BORN
COLORS
U.S. PRESIDENTS
YOUNG STARS
GENERAL SCIENCE
(Alex: And a little bit of everything in...)
HODGEPODGE
    $200 24
the Vietnam War

Benjamin
    $200 2
blue

Benjamin
    $200 15
Teddy Roosevelt

Benjamin
    $200 1
The Lion King

Joey
    $200 8
DNA

Joey
    $200 7
San Francisco

Joey
    $400 27
(Benjamin: Who are the Teamsters?)

CIO

Benjamin
Triple Stumper
    $400 21
(Joey: What is brun?)

brunette

JoeyKirsten
    $400 18
(Benjamin: Who is Jackson?)

Ulysses S. Grant

Benjamin
Triple Stumper
    $400 5
Sister, Sister

Benjamin
    $400 9
nucleus

Joey
    $400 13
(Joey: What is Ph.D.?)

diploma

JoeyBenjamin
    $600 19
the Stock Market

Benjamin
    $600 22
primary colors

Joey
    $600 26
(Joey: Who is Kennedy?)
(Benjamin: Who is Wilson?)
...
(Alex: We have less than a minute to go in the round.)

John Adams

JoeyBenjamin
Triple Stumper
    $600 6
The Jeff Foxworthy Show

Benjamin
    $600 10
sound waves

Joey
    $600 14
MTV

Joey
    $800 25
the Supreme Court

Benjamin
    $800 23
(Kirsten: What is beige?)
(Benjamin: What is mauve?)

taupe

KirstenBenjamin
Triple Stumper
    $800 29
(Benjamin: Who was Roosevelt?)

Woodrow Wilson

Benjamin
    $800 3
Buffy the Vampire Slayer

Benjamin
    $800 11
(Kirsten: What is Pluto?)
(Benjamin: What is Saturn?)

Venus

JoeyKirstenBenjamin
    $800 16
La-Z-Boy

Triple Stumper
    $1000 20
Watergate

Joey
    $1000 30
(Benjamin: What is copper?)

bronze

JoeyBenjamin
    $1000 28
(Joey: Who is Thomas Jefferson?)

Harry S. Truman

Joey
Triple Stumper
    $1,300 4
(Alex: And the film was "Fly Away Home".)

Anna Paquin

Benjamin
    $1000 12
carbon

Benjamin
    $1000 17
(Alex: You would have been right either way.)

Wildcats

Benjamin

Scores at the end of the Double Jeopardy! Round:

Joey Kirsten Benjamin
$4,600 -$700 $5,000

[wagering suggestions for these scores]

Final Jeopardy! Round responses

THE INSECT WORLD
[Kirsten was given $1,000 to play Final Jeopardy! with.]
KirstenWhat is a tirantula?
$1,000
JoeyWhat is Beetle?
$4,600
BenjaminWhat is Mosquito? Hi Haley :) !
$4,999
caterpillar

Final scores:

Joey Kirsten Benjamin
$0 $0 $1
2nd place: $10,000 for Zero Population Growth 3rd place: $10,000 for the Pediatric AIDS Foundation Winner: $15,000 for the Alzheimer's Association

Game dynamics:

Coryat scores:

Joey Kirsten Benjamin
$4,600 -$700 $5,800
17 R,
6 W
2 R,
2 W
23 R
(including 2 DDs),
8 W
(including 1 DD)

Combined Coryat: $9,700

The J! Archive is created by fans, for fans. The Jeopardy! game show and all elements thereof, including but not limited to copyright and trademark thereto, are the property of Jeopardy Productions, Inc. and are protected under law. This website is not affiliated with, sponsored by, or operated by Jeopardy Productions, Inc. Join the discussion at JBoard.tv.